Geography Quiz

Random Geography or World Quiz

Tectonic Plates Quiz Stats

 Plays Quiz Updated Dec 19, 2018

     
Support Sporcle.
Go Orange.
Score 0/15 Timer 05:00
20 Plays Today
% Correct
North American
91.7%
African
90.7%
Pacific
90.4%
South American
89.3%
Indian
85.7%
Eurasian
85.3%
Australian
82.9%
Antarctic
73.2%
% Correct
Arabian
69.8%
Caribbean
60.2%
Nazca
53%
Philippine
47.7%
Juan de Fuca
45.5%
Cocos
41.7%
Scotia
36.9%

From the Vault

TV Shows by Plot

by enough

We were going to add 'a show about nothing' but with so many reality shows on the air these days we didn't think people would know to guess Seinfeld.
Remove Ads.
Support Sporcle.
Get the best of Sporcle when you Go Orange. This ad-free experience offers more features, more stats, and more fun while also helping to support Sporcle. Thank you for becoming a member.

Show Comments

Extras

Top Quizzes Today


Score Distribution

Your Account Isn't Verified!

In order to create a playlist on Sporcle, you need to verify the email address you used during registration. Go to your Sporcle Settings to finish the process.

Report this User

Report this user for behavior that violates our Community Guidelines.

Details: